[Event "Thüringenliga 2015/2016"]
[Site "?"]
[Date "2015.12.20"]
[Round "5"]
[White "Sukaylo, Aleksey"]
[Black "Feld-Gerdes, Wolfgang"]
[Result "1-0"]
[WhiteElo "2051"]
[BlackElo "2048"]
[PlyCount "83"]
[EventDate "2015.??.??"]
[WhiteTeam "Ilmenauer SV"]
[BlackTeam "SC Suhl"]

1. e4 c5 2. Nf3 g6 3. d4 cxd4 4. Qxd4 Nf6 5. e5 Nc6 6. Qa4 Nd5 7. Qe4 Nb6 8.
Bf4 d5 9. exd6 Bf5 10. Qe2 Bg7 11. c3 O-O 12. dxe7 Nxe7 13. Qd1 Ned5 14. Bg5
Re8+ 15. Be2 f6 16. Bc1 Qe7 17. Kf1 Rad8 18. Nd4 Be6 19. Na3 Bf7 20. Nac2 Nc7
21. h4 Ne6 22. Rh3 Nd7 23. Be3 Ne5 24. b3 f5 25. Qe1 Ng4 26. Nxe6 Qxe6 27. Bb5
Qe4 28. Bxe8 Rxe8 29. Qd2 Qc6 30. Bd4 Be6 31. Qd3 Bd5 32. f3 Ne5 33. Bxe5 Rxe5
34. Nb4 Qc5 35. Qd4 Bf7 36. Qxc5 Rxc5 37. c4 b5 38. Nd3 Rc7 39. cxb5 Rc2 40. f4
Bd5 41. Ne1 Be4 42. Nxc2 1-0

[Event "Thüringenliga 2015/2016"]
[Site "?"]
[Date "2015.12.20"]
[Round "5"]
[White "Koch, Stefan"]
[Black "Möller, Axel"]
[Result "1/2-1/2"]
[WhiteElo "1902"]
[BlackElo "2007"]
[PlyCount "51"]
[EventDate "2015.??.??"]
[WhiteTeam "SC Suhl"]
[BlackTeam "Ilmenauer SV"]

1. e4 e6 2. d4 d5 3. exd5 exd5 4. Bd3 Bd6 5. Nf3 Bg4 6. O-O Ne7 7. Bg5 f6 8.
Bh4 Nbc6 9. c3 Qd7 10. Bg3 O-O-O 11. Bxd6 Qxd6 12. Nbd2 g5 13. Qc2 Kb8 14. Rfe1
h5 15. Re3 h4 16. Rae1 Bc8 17. Nf1 g4 18. N3d2 a5 19. a3 f5 20. f4 gxf3 21.
Nxf3 h3 22. g3 Rdg8 23. Ne5 Nxe5 24. dxe5 Qb6 25. Qf2 Be6 26. Rf3 1/2-1/2

[Event "Thüringenliga 2015/2016"]
[Site "?"]
[Date "2015.12.20"]
[Round "5"]
[White "Töpfer, Albrecht"]
[Black "Will, Ralph"]
[Result "1/2-1/2"]
[WhiteElo "1977"]
[BlackElo "1735"]
[PlyCount "51"]
[EventDate "2015.??.??"]
[WhiteTeam "Ilmenauer SV"]
[BlackTeam "SC Suhl"]

1. c4 e5 2. g3 g6 3. Bg2 Bg7 4. Nc3 Ne7 5. e3 c5 6. Nge2 Nbc6 7. O-O O-O 8. a3
Rb8 9. Rb1 a5 10. d3 d6 11. Bd2 Bf5 12. e4 Be6 13. Nd5 b5 14. cxb5 Rxb5 15. Qa4
Qb8 16. b3 Re8 17. Rb2 Rb7 18. Rfb1 Bd7 19. Qc4 Be6 20. b4 axb4 21. axb4 Nxb4
22. Bxb4 Bxd5 23. exd5 cxb4 24. Rxb4 Rxb4 25. Rxb4 Qa8 26. Ra4 1/2-1/2

[Event "Thüringenliga 2015/2016"]
[Site "?"]
[Date "2015.12.20"]
[Round "5"]
[White "Fuhrmann, Christian"]
[Black "Rempel, Patrick"]
[Result "0-1"]
[WhiteElo "1771"]
[BlackElo "2026"]
[PlyCount "64"]
[EventDate "2015.??.??"]
[WhiteTeam "SC Suhl"]
[BlackTeam "Ilmenauer SV"]

1. d4 Nf6 2. c4 g6 3. Nc3 Bg7 4. e4 d6 5. f3 O-O 6. Be3 e5 7. d5 Nh5 8. Qd2 f5
9. Bd3 a6 10. Nge2 b5 11. cxb5 axb5 12. O-O b4 13. Nd1 Na6 14. Qc2 f4 15. Bd2
Rb8 16. b3 Nc5 17. Nb2 g5 18. h3 Nf6 19. Kf2 Kh8 20. Rh1 Bd7 21. Rag1 c6 22.
Nc4 cxd5 23. exd5 Nxd3+ 24. Qxd3 Be8 25. Nc1 Bg6 26. Qe2 e4 27. Kf1 Re8 28. Qd1
Qe7 29. Ne2 Bh5 30. Rh2 Rb5 31. Qe1 Nxd5 32. Nd4 Bxd4 0-1

[Event "Thüringenliga 2015/2016"]
[Site "?"]
[Date "2015.12.20"]
[Round "5"]
[White "Falk, Kristoffer"]
[Black "v.d. Weth-v. Nordheim, Petra"]
[Result "1-0"]
[WhiteElo "1871"]
[BlackElo "1821"]
[PlyCount "83"]
[EventDate "2015.??.??"]
[WhiteTeam "Ilmenauer SV"]
[BlackTeam "SC Suhl"]

1. d4 d5 2. c4 e6 3. Nf3 c6 4. Qc2 f5 5. g3 Nf6 6. Bg2 Bd6 7. O-O Nbd7 8. cxd5
exd5 9. Qxf5 Ne4 10. Qh5+ g6 11. Qh6 Ndf6 12. Bg5 Nxg5 13. Qxg5 O-O 14. Nc3 Qb6
15. Qd2 Bd7 16. Rac1 Rae8 17. e3 Qd8 18. Ne1 Re7 19. Nd3 Bf5 20. a3 Qe8 21. b4
Ref7 22. Rc2 h5 23. Rb2 h4 24. b5 h3 25. Bh1 Ng4 26. Nd1 Be4 27. Bxe4 Qxe4 28.
f4 Re8 29. bxc6 bxc6 30. Nc5 Bxc5 31. dxc5 Rfe7 32. Rb3 a5 33. Rc3 Rd7 34. Rd3
Rb8 35. Rd4 Qe7 36. Qxa5 Rdb7 37. Qd2 Rb3 38. a4 Qxc5 39. f5 Nxe3 40. Nxe3 Rb2
41. Qd1 Rb1 42. Qg4 1-0

[Event "Thüringenliga 2015/2016"]
[Site "?"]
[Date "2015.12.20"]
[Round "5"]
[White "Steinacker, Alex"]
[Black "Neidig, Stefan"]
[Result "0-1"]
[WhiteElo "2177"]
[BlackElo "2172"]
[PlyCount "70"]
[EventDate "2015.??.??"]
[WhiteTeam "Erfurter Schachklub"]
[BlackTeam "TSG Apolda"]

1. g3 e5 2. c4 Nc6 3. Bg2 g6 4. Nc3 Bg7 5. e3 Nh6 6. Nge2 O-O 7. O-O d6 8. d3
Be6 9. h3 Qd7 10. Kh2 f5 11. f4 Nf7 12. b3 exf4 13. gxf4 Qe7 14. d4 Ncd8 15.
Qd2 Re8 16. Bb2 c6 17. Rae1 Bd7 18. Ng1 Qf8 19. Nf3 Ne6 20. b4 Nc7 21. e4 fxe4
22. Nxe4 Bf5 23. Nfg5 d5 24. Nxf7 Kxf7 25. Nc5 dxc4 26. Nxb7 Nd5 27. b5 Rxe1
28. Qxe1 Re8 29. Qa5 Re2 30. Ba3 Be4 31. Rg1 Bxd4 32. Bxf8 Bxg1+ 33. Kh1 Bb6
34. Qa4 Bxg2+ 35. Kh2 Be4+ 0-1

[Event "Thüringenliga 2015/2016"]
[Site "?"]
[Date "2015.12.20"]
[Round "5"]
[White "Middelhoff, Cornelius"]
[Black "Heinzel, Olaf"]
[Result "1/2-1/2"]
[WhiteElo "2116"]
[BlackElo "2338"]
[PlyCount "83"]
[EventDate "2015.??.??"]
[WhiteTeam "TSG Apolda"]
[BlackTeam "Erfurter Schachklub"]

1. d4 b5 2. e4 Bb7 3. Bd3 Nf6 4. Qe2 a6 5. Nd2 e6 6. Ngf3 c5 7. c3 d6 8. O-O
Nbd7 9. e5 Nd5 10. Ne4 dxe5 11. Nxe5 Nxe5 12. dxe5 Qc7 13. f4 Be7 14. c4 Nb4
15. Bb1 bxc4 16. Qxc4 Bd5 17. Qe2 c4 18. Nc3 Bb7 19. a3 Nd3 20. Bxd3 cxd3 21.
Qxd3 O-O 22. Be3 a5 23. Rf2 Rfd8 24. Qe2 Ba6 25. Qf3 Bb7 26. Qe2 a4 27. Rd1 Bh4
28. Rxd8+ Qxd8 29. g3 Be7 30. Qb5 Qc8 31. Rd2 Bc6 32. Qc4 Qb7 33. Bc5 Bxc5+ 34.
Qxc5 h5 35. h4 Rc8 36. Qb4 Qc7 37. Qd6 Qb7 38. Qb4 Qa8 39. Qe7 Be8 40. Kh2 Kh7
41. Qd6 g6 42. Qd4 1/2-1/2

[Event "Thüringenliga 2015/2016"]
[Site "?"]
[Date "2015.12.20"]
[Round "5"]
[White "Troyke, Christian"]
[Black "Goemann, Jens"]
[Result "1-0"]
[WhiteElo "2326"]
[BlackElo "2073"]
[PlyCount "51"]
[EventDate "2015.??.??"]
[WhiteTeam "Erfurter Schachklub"]
[BlackTeam "TSG Apolda"]

1. g3 Nf6 2. Bg2 g6 3. d4 Bg7 4. e4 d6 5. Ne2 O-O 6. O-O Na6 7. Nbc3 c5 8. h3
Rb8 9. Be3 Bd7 10. a4 Qc8 11. Kh2 cxd4 12. Bxd4 Ra8 13. Qd2 Nb4 14. Rfc1 Nc6
15. Nd5 Nxd5 16. Bxg7 Kxg7 17. exd5 Nd8 18. c4 Qc5 19. Nf4 a5 20. h4 e5 21.
dxe6 fxe6 22. Qc3+ Rf6 23. Nd3 Qh5 24. f4 Kf7 25. c5 Bc6 26. cxd6 1-0

[Event "Thüringenliga 2015/2016"]
[Site "?"]
[Date "2015.12.20"]
[Round "5"]
[White "Rohmeiß, Roberto"]
[Black "Brüggemann, Joachim"]
[Result "0-1"]
[WhiteElo "1990"]
[BlackElo "2203"]
[PlyCount "80"]
[EventDate "2015.??.??"]
[WhiteTeam "TSG Apolda"]
[BlackTeam "Erfurter Schachklub"]

1. d4 Nf6 2. Nf3 e6 3. c4 Bb4+ 4. Bd2 Qe7 5. a3 Bxd2+ 6. Nbxd2 d6 7. e4 e5 8.
d5 a5 9. b4 O-O 10. Be2 Bg4 11. O-O Na6 12. Qb3 Nh5 13. Rfc1 Nf4 14. Bf1 f5 15.
c5 fxe4 16. Nxe4 Nh3+ 17. gxh3 Bxf3 18. Bg2 Bxe4 19. Bxe4 Qh4 20. Qe3 Rf4 21.
Bg2 Raf8 22. cxd6 cxd6 23. bxa5 Rxf2 24. Rf1 Rxf1+ 25. Rxf1 Rxf1+ 26. Bxf1 Nc5
27. Bb5 Kf7 28. Kg2 Kf6 29. Be2 Qf4 30. Qf3 g5 31. Qh5 e4 32. Qxh7 Ke5 33. Qg7+
Kxd5 34. Qc3 Nd3 35. Qb3+ Kd4 36. Qb6+ Kc3 37. Bxd3 Qf3+ 38. Kg1 exd3 39. Qb4+
Kc2 40. Qc4+ Kd1 0-1

[Event "Thüringenliga 2015/2016"]
[Site "?"]
[Date "2015.12.20"]
[Round "5"]
[White "Krüger, Rainer"]
[Black "Mucha, Annegret"]
[Result "1-0"]
[WhiteElo "2068"]
[BlackElo "2005"]
[PlyCount "78"]
[EventDate "2015.??.??"]
[WhiteTeam "Erfurter Schachklub"]
[BlackTeam "TSG Apolda"]

1. Nf3 Nf6 2. g3 b6 3. Bg2 Bb7 4. c4 e6 5. O-O Be7 6. Nc3 O-O 7. d4 Ne4 8. Qd3
Nxc3 9. Qxc3 f5 10. b4 Bf6 11. Bb2 d6 12. Rfd1 Qe7 13. a4 a5 14. bxa5 Rxa5 15.
Qb3 Ra7 16. a5 bxa5 17. Bc3 Be4 18. Rxa5 Rxa5 19. Bxa5 Nc6 20. Bc3 Rb8 21. Qa3
g5 22. d5 Bxc3 23. Qxc3 exd5 24. cxd5 Nb4 25. Qe3 h6 26. Nd4 Nxd5 27. Nxf5 Nxe3
28. Nxe7+ Kf7 29. fxe3 Bxg2 30. Nf5 Bh3 31. g4 Rb4 32. Rc1 Rxg4+ 33. Kf2 Rg2+
34. Kf3 g4+ 35. Ke4 Rxh2 36. Rxc7+ Kf6 37. Nxd6 Bg2+ 38. Kf4 Bh3 39. Ne8+ Ke6
1-0

[Event "Thüringenliga 2015/2016"]
[Site "?"]
[Date "2015.12.20"]
[Round "5"]
[White "Carnot, Luca"]
[Black "Troyke, Doreen"]
[Result "1/2-1/2"]
[WhiteElo "1811"]
[BlackElo "2013"]
[PlyCount "63"]
[EventDate "2015.??.??"]
[WhiteTeam "TSG Apolda"]
[BlackTeam "Erfurter Schachklub"]

1. Nf3 d5 2. g3 Nf6 3. Bg2 Bf5 4. O-O e6 5. d3 h6 6. Nbd2 Be7 7. c3 c5 8. Qa4+
Qd7 9. Qxd7+ Nbxd7 10. c4 O-O 11. b3 Rad8 12. Ba3 Rfe8 13. Rac1 b6 14. d4 Ne4
15. cxd5 exd5 16. Rfd1 Bf6 17. Nf1 Be6 18. Ne3 g6 19. Kf1 Bg7 20. dxc5 bxc5 21.
Nxd5 Nb6 22. Nc7 Rxd1+ 23. Rxd1 Re7 24. Nb5 Bg4 25. h3 a6 26. Rd8+ Kh7 27. Nbd4
Be6 28. Nc6 Rc7 29. Nce5 c4 30. Nxc4 Nxc4 31. bxc4 Rxc4 32. Nd2 1/2-1/2

[Event "Thüringenliga 2015/2016"]
[Site "?"]
[Date "2015.12.20"]
[Round "5"]
[White "Fischer, Dieter"]
[Black "Maiwald, Harald"]
[Result "1/2-1/2"]
[WhiteElo "1903"]
[BlackElo "1922"]
[PlyCount "64"]
[EventDate "2015.??.??"]
[WhiteTeam "Erfurter Schachklub"]
[BlackTeam "TSG Apolda"]

1. e4 c5 2. Nc3 Nc6 3. f4 g6 4. Nf3 Bg7 5. Bb5 Nd4 6. Bc4 e6 7. O-O Ne7 8. Nxd4
cxd4 9. Ne2 O-O 10. d3 d5 11. Bb3 dxe4 12. dxe4 Qb6 13. Kh1 Bd7 14. Bd2 Bb5 15.
a4 Ba6 16. Rf3 d3 17. cxd3 Rad8 18. Bc3 Rxd3 19. Rxd3 Bxd3 20. Bxg7 Bxe2 21.
Qxe2 Kxg7 22. Qb5 Rd8 23. Qxb6 axb6 24. Rd1 Rxd1+ 25. Bxd1 e5 26. g3 Nc6 27.
Bg4 f6 28. Bc8 Nd8 29. Kg2 Kf7 30. Kf2 Ke7 31. Ke3 Kd6 32. Kd3 Kc5 1/2-1/2

[Event "Thüringenliga 2015/2016"]
[Site "?"]
[Date "2015.12.20"]
[Round "5"]
[White "Schmidt, Matthias"]
[Black "Streltsyn, Grygoriy"]
[Result "0-1"]
[WhiteElo "1950"]
[BlackElo "2075"]
[PlyCount "88"]
[EventDate "2015.??.??"]
[WhiteTeam "TSG Apolda"]
[BlackTeam "Erfurter Schachklub"]

1. e4 d6 2. d4 Nf6 3. Nc3 g6 4. Nf3 Bg7 5. h3 O-O 6. Be3 c6 7. a4 a5 8. Be2 b6
9. O-O Ba6 10. e5 Ne8 11. Qd2 Nd7 12. Rad1 Qc7 13. Bxa6 Rxa6 14. e6 fxe6 15.
Ng5 Rf6 16. Nce4 Nf8 17. f4 d5 18. Nxf6+ exf6 19. Nf3 Nd6 20. Qd3 Ra8 21. Nd2
b5 22. axb5 cxb5 23. Nb3 Nd7 24. g4 f5 25. Bc1 Qc4 26. Qxc4 bxc4 27. Na1 fxg4
28. hxg4 Nf6 29. g5 Nfe4 30. c3 a4 31. Nc2 Nb5 32. Rf3 Bf8 33. Re1 Ra7 34. Rfe3
a3 35. bxa3 Nbxc3 36. Rxc3 Nxc3 37. Rxe6 Nb5 38. Re5 Rd7 39. Re6 Bd6 40. Kf2
Ra7 41. Kf3 Kf7 42. Re3 Ra4 43. Bb2 c3 44. Bxc3 Rc4 0-1

[Event "Thüringenliga 2015/2016"]
[Site "?"]
[Date "2016.01.03"]
[Round "5"]
[White "Siebarth, Raiko"]
[Black "Welde, Kevin"]
[Result "1-0"]
[WhiteElo "2205"]
[BlackElo "1933"]
[PlyCount "43"]
[EventDate "2016.??.??"]
[WhiteTeam "SG Blau-Weiß Stadtilm"]
[BlackTeam "VfL 1990 Gera"]

1. e4 c5 2. Nf3 Nc6 3. d4 cxd4 4. Nxd4 Nf6 5. Nc3 e6 6. Ndb5 d6 7. Bf4 e5 8.
Bg5 a6 9. Na3 Be6 10. Nc4 Be7 11. Bxf6 gxf6 12. Ne3 Qb6 13. Ned5 Qa5 14. Be2
Rg8 15. O-O Bh3 16. Ne3 O-O-O 17. Kh1 Be6 18. Ncd5 Rde8 19. c3 Kb8 20. b4 Qd8
21. b5 axb5 22. Bxb5 1-0

[Event "Thüringenliga 2015/2016"]
[Site "?"]
[Date "2016.01.03"]
[Round "5"]
[White "Seidens, Gunter"]
[Black "Schneider, Christian"]
[Result "0-1"]
[WhiteElo "1826"]
[BlackElo "2181"]
[PlyCount "110"]
[EventDate "2016.??.??"]
[WhiteTeam "VfL 1990 Gera"]
[BlackTeam "SG Blau-Weiß Stadtilm"]

1. d4 Nf6 2. e3 d5 3. Bd3 g6 4. Nf3 Bg7 5. O-O O-O 6. Nbd2 c5 7. c3 Nbd7 8. Qe2
Re8 9. Ne5 Nxe5 10. dxe5 Ng4 11. f4 f6 12. h3 Nh6 13. e4 fxe5 14. fxe5 e6 15.
Nf3 Nf7 16. Bf4 Qb6 17. Kh1 Bd7 18. Rae1 dxe4 19. Bxe4 Bb5 20. c4 Bc6 21. Bb1
Qc7 22. Qe3 b6 23. Nh2 Qb7 24. Rf2 Rad8 25. Ng4 Rd4 26. Qg3 Be4 27. b3 Bxb1 28.
Rxb1 Red8 29. Rbf1 Rd1 30. Kh2 Qe4 31. Nf6+ Bxf6 32. exf6 Rxf1 33. Rxf1 Rd3 34.
Qe1 Qc6 35. h4 Rd4 36. Qg3 Qe4 37. Bg5 h6 38. Re1 Qf5 39. Be3 Rg4 40. Qf2 Qe4
41. Kg1 Kh7 42. Bd2 Qc6 43. Bc3 h5 44. Re2 a6 45. Kh2 Qd6+ 46. Kg1 e5 47. g3 e4
48. Kg2 Qe6 49. a4 a5 50. Re1 g5 51. hxg5 Kg6 52. Kf1 Rxg5 53. Ke2 Rf5 54. Qg2
Rf3 55. Kd2 Qd6+ 0-1

[Event "Thüringenliga 2015/2016"]
[Site "?"]
[Date "2016.01.03"]
[Round "5"]
[White "Neubauer, Andreas"]
[Black "Schönfeld, Volker"]
[Result "1-0"]
[WhiteElo "2056"]
[BlackElo "1898"]
[PlyCount "53"]
[EventDate "2016.??.??"]
[WhiteTeam "SG Blau-Weiß Stadtilm"]
[BlackTeam "VfL 1990 Gera"]

1. d4 Nf6 2. c4 g6 3. d5 c6 4. Nc3 cxd5 5. cxd5 Bg7 6. e4 d6 7. Be2 O-O 8. h3
b6 9. Nf3 Ba6 10. O-O Bxe2 11. Qxe2 Nbd7 12. Rd1 Nc5 13. Bf4 Nfd7 14. Nd4 Bxd4
15. Rxd4 e5 16. dxe6 Nxe6 17. Rxd6 Nxf4 18. Qb5 f5 19. Rxd7 Qg5 20. g3 Nxh3+
21. Kh2 Qh6 22. Qd5+ Kh8 23. Qd4+ Kg8 24. Kg2 fxe4 25. Rh1 e3 26. Rxh3 exf2 27.
Qc4+ 1-0

[Event "Thüringenliga 2015/2016"]
[Site "?"]
[Date "2016.01.03"]
[Round "5"]
[White "Huster, Mike"]
[Black "George, Tom"]
[Result "1-0"]
[WhiteElo "1900"]
[BlackElo "2044"]
[PlyCount "81"]
[EventDate "2016.??.??"]
[WhiteTeam "VfL 1990 Gera"]
[BlackTeam "SG Blau-Weiß Stadtilm"]

1. d4 Nf6 2. Nf3 g6 3. c4 Bg7 4. Nc3 O-O 5. e4 d6 6. Be2 e5 7. O-O Nc6 8. d5
Ne7 9. b4 a5 10. bxa5 c5 11. a4 Nh5 12. Re1 f5 13. Ng5 Nf4 14. g3 Nxe2+ 15.
Rxe2 Rf6 16. Nb5 h6 17. Ne6 Bxe6 18. dxe6 Nc6 19. Qd5 Qe7 20. Qxd6 Rxe6 21.
Qxe7 Rxe7 22. Kg2 Nd4 23. Rb2 Rd7 24. Nc3 Nc6 25. Nd5 Rf7 26. Rb5 Nd4 27. Rb6
fxe4 28. Rab1 Rxa5 29. Nc3 g5 30. h3 Bf8 31. Rxb7 Rf3 32. Bd2 Rf7 33. Rxf7 Kxf7
34. Rb7+ Kg6 35. Rb6+ Kf7 36. h4 gxh4 37. gxh4 Nf5 38. Nxe4 Rxa4 39. Rf6+ Kg7
40. Rxf5 Rxc4 41. Rxe5 1-0

[Event "Thüringenliga 2015/2016"]
[Site "?"]
[Date "2016.01.03"]
[Round "5"]
[White "Siebarth, Marco"]
[Black "Richter, Sven"]
[Result "1/2-1/2"]
[WhiteElo "1962"]
[BlackElo "1950"]
[PlyCount "95"]
[EventDate "2016.??.??"]
[WhiteTeam "SG Blau-Weiß Stadtilm"]
[BlackTeam "VfL 1990 Gera"]

1. e4 c5 2. Nf3 Nc6 3. d4 cxd4 4. Nxd4 Nf6 5. Nc3 d6 6. g3 Bg4 7. f3 Bd7 8. Be3
g6 9. Bg2 Bg7 10. O-O O-O 11. Qd2 Rc8 12. Nxc6 Bxc6 13. a4 Qc7 14. a5 b6 15.
axb6 axb6 16. Qf2 Nd7 17. Ra3 b5 18. Ra7 Qb8 19. Rfa1 Rc7 20. Bd4 e5 21. Be3 b4
22. Nd1 Rfc8 23. Qd2 Bf8 24. Bf1 Nc5 25. Rxc7 Rxc7 26. Bxc5 dxc5 27. Bc4 Rd7
28. Bd5 Bxd5 29. exd5 Qd8 30. c4 bxc3 31. Nxc3 c4 32. Ra4 Qb6+ 33. Kg2 Bb4 34.
Qe2 Bxc3 35. bxc3 Rxd5 36. Rxc4 Qd6 37. Kh3 Qd7+ 38. g4 h5 39. Re4 Rd2 40. Qe1
f5 41. Rxe5 hxg4+ 42. Kg3 Qd6 43. f4 Rd3+ 44. Re3 g5 45. Rxd3 gxf4+ 46. Kg2
Qxd3 47. Qe8+ Kg7 48. Qe7+ 1/2-1/2

[Event "Thüringenliga 2015/2016"]
[Site "?"]
[Date "2016.01.03"]
[Round "5"]
[White "Manicke, Hans-Joachim"]
[Black "Werner, Justus"]
[Result "1-0"]
[WhiteElo "1876"]
[BlackElo "1887"]
[PlyCount "113"]
[EventDate "2016.??.??"]
[WhiteTeam "VfL 1990 Gera"]
[BlackTeam "SG Blau-Weiß Stadtilm"]

1. b4 e5 2. Bb2 Bxb4 3. Bxe5 Nf6 4. e3 Nc6 5. Bb2 d5 6. Nf3 O-O 7. Be2 Bd6 8.
O-O Re8 9. c4 Be6 10. cxd5 Bxd5 11. Nc3 Be6 12. d4 Bf5 13. Bd3 Ne4 14. Qb1 Qe7
15. Nxe4 Bxe4 16. Bxe4 Qxe4 17. Qxe4 Rxe4 18. Nd2 Ree8 19. Nc4 Bf8 20. Rfd1 b5
21. Nd2 Nb4 22. Nf3 f6 23. Rd2 a5 24. a3 Nd5 25. Rc2 Bd6 26. g3 b4 27. Nd2 a4
28. e4 b3 29. Rc4 Nb6 30. Rc6 Ra5 31. f4 Ra7 32. Rac1 Na8 33. Kf2 Bf8 34. Ke3
Kf7 35. Kd3 Re6 36. R6c4 Ke8 37. d5 Rd6 38. Kd4 Ra5 39. R4c3 Nb6 40. Nc4 c5+
41. Ke3 Nxc4+ 42. Rxc4 Rd7 43. Rd1 Ra6 44. e5 Kd8 45. d6 Rb7 46. Rxc5 Kd7 47.
Rdc1 Bxd6 48. exd6 Kxd6 49. R5c4 Kd7 50. Rd1+ Ke8 51. Rdd4 Rba7 52. f5 Kf7 53.
Rd8 Re7+ 54. Kf2 Ra5 55. g4 h5 56. Rcc8 g5 57. Rf8+ 1-0

[Event "Thüringenliga 2015/2016"]
[Site "?"]
[Date "2016.01.03"]
[Round "5"]
[White "Berner, Stephan"]
[Black "Kretzschmar, Bernd"]
[Result "1-0"]
[WhiteElo "1865"]
[BlackElo "1810"]
[PlyCount "65"]
[EventDate "2016.??.??"]
[WhiteTeam "SG Blau-Weiß Stadtilm"]
[BlackTeam "VfL 1990 Gera"]

1. d4 g6 2. e4 Bg7 3. f4 d6 4. Nf3 c6 5. Nc3 Bg4 6. Be3 Qb6 7. Qd2 Bxf3 8. gxf3
Nd7 9. O-O-O Qa5 10. Kb1 Rb8 11. h4 b5 12. e5 d5 13. Bd3 e6 14. Ne4 Qxd2 15.
Nd6+ Kf8 16. Bxd2 Ne7 17. h5 Bh6 18. Rdg1 b4 19. Rg2 Nf5 20. hxg6 hxg6 21. Bxf5
gxf5 22. Rgh2 Kg7 23. Nxf7 Bxf4 24. Rxh8 Rxh8 25. Rxh8 Bxd2 26. Rd8 Nb6 27. Nd6
Be3 28. c3 c5 29. dxc5 Bxc5 30. Re8 a5 31. Rxe6 d4 32. cxd4 Bxd4 33. Nxf5+ 1-0

[Event "Thüringenliga 2015/2016"]
[Site "?"]
[Date "2016.01.03"]
[Round "5"]
[White "Fijalkowski, Jürgen"]
[Black "Schröter, Maik"]
[Result "0-1"]
[WhiteElo "1829"]
[BlackElo "1764"]
[PlyCount "62"]
[EventDate "2016.??.??"]
[WhiteTeam "VfL 1990 Gera"]
[BlackTeam "SG Blau-Weiß Stadtilm"]

1. e4 e5 2. Bc4 Nf6 3. d3 Be7 4. Nc3 c6 5. f4 d6 6. Nf3 Bg4 7. h3 Bxf3 8. Qxf3
Nbd7 9. Bb3 Nc5 10. fxe5 dxe5 11. Be3 Nxb3 12. axb3 O-O 13. O-O Nd7 14. Qg3 f6
15. Qf2 b6 16. Ne2 Bc5 17. Ra2 Qe7 18. Rfa1 Bxe3 19. Qxe3 Nc5 20. Nc3 Ne6 21.
Nd1 Nd4 22. Rc1 f5 23. exf5 Rxf5 24. Nc3 Raf8 25. Ne4 Rf4 26. Ra3 Qf7 27. Raa1
a5 28. Rab1 Qg6 29. Kh2 c5 30. Ng3 Rf2 31. Qxe5 Nf3+ 0-1

[Event "Thüringenliga 2015/2016"]
[Site "?"]
[Date "2016.01.17"]
[Round "5"]
[White "Kölsch, Maximilian"]
[Black "Wehner, Janis"]
[Result "1/2-1/2"]
[WhiteElo "2192"]
[BlackElo "2157"]
[PlyCount "32"]
[EventDate "2016.??.??"]
[WhiteTeam "SV Schott Jena"]
[BlackTeam "SV Medizin Erfurt"]

1. Nf3 c5 2. c4 Nc6 3. Nc3 g6 4. e3 Bg7 5. d4 cxd4 6. exd4 d6 7. Be2 Nf6 8. O-O
O-O 9. h3 d5 10. Bg5 Ne4 11. Bh4 Nxc3 12. bxc3 dxc4 13. Bxc4 Na5 14. Bd3 Be6
15. Re1 Bf6 16. Bg3 Rc8 1/2-1/2

[Event "Thüringenliga 2015/2016"]
[Site "?"]
[Date "2016.01.17"]
[Round "5"]
[White "Hausknecht, Matthias"]
[Black "Babrikowski, Peter"]
[Result "1-0"]
[WhiteElo "2113"]
[BlackElo "2102"]
[PlyCount "29"]
[EventDate "2016.??.??"]
[WhiteTeam "SV Medizin Erfurt"]
[BlackTeam "SV Schott Jena"]

1. e4 c6 2. Nf3 d5 3. exd5 cxd5 4. Ne5 Nc6 5. d4 Nf6 6. c3 Bf5 7. Bd3 Bxd3 8.
Qxd3 e6 9. O-O Bd6 10. f4 Qb6 11. Kh1 O-O 12. Nd2 Rac8 13. Ndf3 a6 14. Ng5 h6
15. Nd7 1-0

[Event "Thüringenliga 2015/2016"]
[Site "?"]
[Date "2016.01.17"]
[Round "5"]
[White "Dreyer, Michael"]
[Black "Nguyen, Huy Dat"]
[Result "0-1"]
[WhiteElo "2082"]
[BlackElo "2082"]
[PlyCount "52"]
[EventDate "2016.??.??"]
[WhiteTeam "SV Schott Jena"]
[BlackTeam "SV Medizin Erfurt"]

1. e4 c5 2. c3 Nf6 3. e5 Nd5 4. d4 cxd4 5. cxd4 e6 6. Nf3 b6 7. Nc3 Nxc3 8.
bxc3 Qc7 9. Bd2 Bb7 10. Bd3 d6 11. O-O Nd7 12. Qe2 dxe5 13. Nxe5 Nxe5 14. dxe5
Be7 15. Bb5+ Bc6 16. Qc4 Rc8 17. Ba6 Rd8 18. Bb5 Bc5 19. Bg5 Rd5 20. Rfd1 O-O
21. Bxc6 Qxc6 22. Rxd5 Bxf2+ 23. Kxf2 Qxc4 24. Rd4 Qxc3 25. Rad1 Qc5 26. Kf1 f6
0-1

[Event "Thüringenliga 2015/2016"]
[Site "?"]
[Date "2016.01.17"]
[Round "5"]
[White "Bunke, Wilfried"]
[Black "Reichel, Norbert"]
[Result "1/2-1/2"]
[WhiteElo "1910"]
[BlackElo "2040"]
[PlyCount "38"]
[EventDate "2016.??.??"]
[WhiteTeam "SV Schott Jena"]
[BlackTeam "SV Medizin Erfurt"]

1. d4 Nf6 2. c4 g6 3. Nc3 Bg7 4. e4 d6 5. Be2 O-O 6. Bg5 c5 7. d5 h6 8. Be3 e6
9. Qd2 exd5 10. exd5 Kh7 11. h3 a6 12. a4 a5 13. Nf3 Na6 14. O-O Nb4 15. Ne1
Re8 16. Nd3 Bf5 17. Rfe1 Qb6 18. Nxb4 axb4 19. Nb5 Qd8 1/2-1/2

[Event "Thüringenliga 2015/2016"]
[Site "?"]
[Date "2016.01.17"]
[Round "5"]
[White "Müller-Ludwig, Kristin"]
[Black "Schmidt, Lothar"]
[Result "1-0"]
[WhiteElo "1935"]
[BlackElo "1855"]
[PlyCount "88"]
[EventDate "2016.??.??"]
[WhiteTeam "SV Medizin Erfurt"]
[BlackTeam "SV Schott Jena"]

1. e4 g6 2. d4 Bg7 3. Nc3 d6 4. Be3 Nd7 5. Qd2 a6 6. O-O-O e6 7. f3 b5 8. Nh3
h6 9. Nf2 Ne7 10. g4 Bb7 11. Rg1 e5 12. Rg3 g5 13. dxe5 Bxe5 14. Rh3 Ng6 15.
Nd3 Bg7 16. Ne2 Nde5 17. Nxe5 Nxe5 18. Nd4 Bc8 19. Be2 Be6 20. Qa5 O-O 21. Nf5
Bc4 22. Bd3 c5 23. Qxd8 Rfxd8 24. Bxc4 Nxc4 25. b3 Nxe3 26. Nxe3 a5 27. Nf5 Be5
28. Rxh6 a4 29. Rd5 axb3 30. axb3 Bf4+ 31. Kd1 Ra1+ 32. Ke2 Rc1 33. Ne3 Kg7 34.
Rh5 Rh8 35. Nf5+ Kg8 36. Rxh8+ Kxh8 37. Nxd6 Rxc2+ 38. Ke1 c4 39. bxc4 bxc4 40.
Nxf7+ Kg7 41. Nxg5 Bxh2 42. Ne6+ Kf6 43. Nd4 Bg3+ 44. Kd1 Ra2 1-0

[Event "Thüringenliga 2015/2016"]
[Site "?"]
[Date "2016.01.17"]
[Round "5"]
[White "Jordan, Gunter"]
[Black "Jakob, Matthias"]
[Result "1/2-1/2"]
[WhiteElo "1899"]
[BlackElo "1952"]
[PlyCount "37"]
[EventDate "2016.??.??"]
[WhiteTeam "SV Schott Jena"]
[BlackTeam "SV Medizin Erfurt"]

1. d4 Nc6 2. g3 e5 3. c3 Nf6 4. Bg2 d5 5. dxe5 Nxe5 6. Nf3 Nxf3+ 7. exf3 Bc5 8.
Qe2+ Qe7 9. Qxe7+ Bxe7 10. Bf4 c6 11. Nd2 O-O 12. Nb3 Ne8 13. O-O-O Bd6 14.
Bxd6 Nxd6 15. Rhe1 Rd8 16. Nc5 b6 17. Nd3 f6 18. Nf4 Kf7 19. Bf1 1/2-1/2

[Event "Thüringenliga 2015/2016"]
[Site "?"]
[Date "2016.01.17"]
[Round "5"]
[White "Nguyen, Ha Thanh"]
[Black "Werner, Ernst"]
[Result "1/2-1/2"]
[WhiteElo "1689"]
[BlackElo "1754"]
[PlyCount "28"]
[EventDate "2016.??.??"]
[WhiteTeam "SV Medizin Erfurt"]
[BlackTeam "SV Schott Jena"]

1. e4 c5 2. Nf3 d6 3. d4 cxd4 4. Nxd4 Nf6 5. Nc3 g6 6. Bc4 Bg7 7. O-O O-O 8. h3
Nc6 9. Be3 Bd7 10. Bb3 Na5 11. Qd2 Nxb3 12. axb3 Qc8 13. f4 a6 14. Qf2 Bc6
1/2-1/2